Empire of care : nursing and migration in Filipino american history

Αποθηκεύτηκε σε:
Λεπτομέρειες βιβλιογραφικής εγγραφής
Κύριος συγγραφέας: Choy, Catherine Ceniza 1969-
Μορφή: Βιβλίο
Γλώσσα:English
Δημοσίευση: Durham; London : Duke University Press, 2005, 2003
Θέματα:
Ετικέτες: Προσθήκη ετικέτας
Δεν υπάρχουν, Καταχωρήστε ετικέτα πρώτοι!

MARC

LEADER 00000nam a2200000 i 4500
001 1/46790
008 070625s2003 eng d
020 |a 978-0-8223-3089-9 (pbk.) 
020 |a 0-8223-3089-X (pbk.) 
035 |l 10088469 
040 |a GR-MY-UA  |b gre  |e aacr 
041 0 |a eng 
082 0 |a 610.7309599  |2 (22) 
100 1 |a Choy, Catherine Ceniza  |d 1969- 
245 1 0 |a Empire of care :  |b nursing and migration in Filipino american history /  |c Catherine Ceniza Choy 
260 |a Durham; London :   |b Duke University Press,   |c 2005, 2003 
300 |a xiv, 257 σ.;  |b εικ.;  |c 24 εκ. 
500 |a Το Παράρτημα της Λέσβου διαθέτει την 4η ανατύπωση, 2005 
504 |a Βιβλιογραφία: σ. [229]-243 
504 |a Περιέχει ευρετήριο 
650 0 0 |a Nurses  |z Philippines. 
650 0 0 |a Nurses, Foreign  |z United States. 
650 0 0 |a Nursing  |z Philippines. 
650 0 0 |a Nursing  |z United States. 
651 0 |a Philippines  |x Emigration and immigration  |x History. 
651 0 |a United States  |x Emigration and immigration  |x History. 
852 |a INST  |b LESVOS  |e 20070625  |h 610.7309599 CHO  |p 005100037904  |q 005100037904  |t BK  |y 0 
901 |a BIBL1-2007-2 
909 |a Λ  |b 132899 
920 |a ΕΠΕΑΕΚ ΚΟΙΝΩΝΙΚΗΣ ΑΝΘΡΩΠΟΛΟΓΙΑΣ ΚΑΙ ΙΣΤΟΡΙΑΣ "ΠΥΘΑΓΟΡΑΣ"  |y ΛΕΣΒΟΣ  |z 2007-06 
970 |a ΒΑΡΚΑ  |b ΕΛΕΥΘΕΡΙΑ  |z 2007/06/25